000
00300nam a2200121Ia 4500
008
220204s9999 xx 000 0 und d
082
_a
347.71992
_b
RAM
100
_a
Ramaiya, A
245
0
_a
Guide to the companies act. 2 V
250
_a
Ed.12
260
_a
Nagpur
_b
Wadhawa and Co
_c
1992
942
_c
BK
999
_c
40376
_d
40376